Emigración y colonización : (Record no. 153629)
[ view plain ]
| 000 -LEADER | |
|---|---|
| campo de control de longitud fija | 01362nam a2200253 i 4500 |
| 001 - NÚMERO DE CONTROL | |
| campo de control | 153629 |
| 003 - IDENTIFICADOR DE NÚMERO DE CONTROL | |
| campo de control | ES-MaACL |
| 005 - FECHA Y HORA DE LA ÚLTIMA TRANSACCIÓN | |
| campo de control | 20250909184537.0 |
| 008 - DATOS DE LONGITUD FIJA--INFORMACIÓN GENERAL | |
| campo de control de longitud fija | 970410s1881 sp |||| | spa d |
| 245 00 - MENCIÓN DEL TÍTULO | |
| Título | Emigración y colonización : |
| Resto del título | artículo publicado en El Día (suplemento al número de 17 de noviembre de 1881) ; seguido del informe sobre la emigración del Excmo. Sr. D. Miguel López Martínez y del proyecto de ley para la creación de colonias del Excmo. Sr. D. Javier Los Arcos. |
| 260 ## - PUBLICACIÓN, DISTRIBUCIÓN, ETC. | |
| Lugar de publicación, distribución, etc. | Madrid : |
| Nombre del editor, distribuidor, etc. | [s.n.], |
| Fecha de publicación, distribución, etc. | 1881 ( |
| Fabricante | Imp. a cargo de Lucas Polo) |
| 300 ## - DESCRIPCIÓN FÍSICA | |
| Extensión | 76 p. ; |
| Dimensiones | 16 cm. |
| 530 ## - NOTA DISPONIBLE DE FORMULARIO FÍSICO ADICIONAL | |
| Nota de formato físico adicional disponible | Disponible en formato digital. |
| 650 #4 - PUNTO DE ACCESO ADICIONAL DE MATERIA--TÉRMINO DE MATERIA | |
| Término de materia o nombre geográfico como elemento de entrada | Colonización agraria- |
| Subdivisión geográfica | España. |
| 9 (RLIN) | 170663 |
| 650 #4 - PUNTO DE ACCESO ADICIONAL DE MATERIA--TÉRMINO DE MATERIA | |
| Término de materia o nombre geográfico como elemento de entrada | Emigración e inmigración- |
| Subdivisión general | Política gubernamental- |
| Subdivisión geográfica | España. |
| 9 (RLIN) | 143373 |
| 650 04 - PUNTO DE ACCESO ADICIONAL DE MATERIA--TÉRMINO DE MATERIA | |
| Término de materia o nombre geográfico como elemento de entrada | Derecho agrario- |
| Subdivisión geográfica | España |
| 9 (RLIN) | 11649 |
| 651 #7 - PUNTO DE ACCESO ADICIONAL DE MATERIA--NOMBRE GEOGRÁFICO | |
| Nombre geográfico | España- |
| Subdivisión general | Emigración |
| Fuente del encabezamiento o término | |
| 9 (RLIN) | 147695 |
| 700 1# - ENTRADA AGREGADA--NOMBRE PERSONAL | |
| Nombre de persona | López Martínez, Miguel, |
| Fechas asociadas al nombre | 1825-1904 |
| 9 (RLIN) | 73761 |
| 700 1# - ENTRADA AGREGADA--NOMBRE PERSONAL | |
| Nombre de persona | Los Arcos y Miranda, Javier, |
| Fechas asociadas al nombre | 1847-1905 |
| 9 (RLIN) | 167015 |
| 852 ## - LOCALIZACIÓN | |
| Ubicación | ES-MaACL |
| Número de control de estantería | T-407-F-1 |
| Nota libre | - Enc. hol., falto de cub. original |
| -- | - Enc. en un vol. facticio |
| 856 ## - LOCALIZACIÓN Y ACCESO ELECTRÓNICOS | |
| Identificador Uniforme de Recursos | <a href="http://bdh-rd.bne.es/viewer.vm?id=0000046617&page=1 ">http://bdh-rd.bne.es/viewer.vm?id=0000046617&page=1 </a> |
| Nota pública | Biblioteca Digital Hispánica |
| 856 ## - LOCALIZACIÓN Y ACCESO ELECTRÓNICOS | |
| Identificador Uniforme de Recursos | <a href="http://uvadoc.uva.es/handle/10324/4948 ">http://uvadoc.uva.es/handle/10324/4948 </a> |
| Nota pública | Repositorio Documental de la Universidad de Valladolid |
| Estatus retirado | Estado de pérdida | Estado de daño | No para préstamo | Colección | Biblioteca de origen | Biblioteca actual | Ubicación en estantería | Fecha de adquisición | Total de préstamos | Signatura topográfica completa | Código de barras | Visto por última vez | Precio de reemplazo | Tipo de ítem Koha |
|---|---|---|---|---|---|---|---|---|---|---|---|---|---|---|
| Colección de folletos | Biblioteca del Ateneo de Madrid | Biblioteca del Ateneo de Madrid | Depósito folletos | 17/01/2008 | T-407-F-1 | 1160603 | 23/02/2023 | 23/02/2023 | Folleto |
